000 00295nam a22001337a 4500
008 190225b xxu||||| |||| 00| 0 eng d
020 _a210506
041 _aeng
080 _a541
100 _a12
101 _aKIM
245 _aChemistry. An Investigative Approach
_cCotton
942 _2udc
_cBK
999 _c54241
_d54241